Name That Person Using Geography #1 - Statistics

General Stats
  • This quiz has been taken 123 times
  • The average score is 8 of 14
Answer Stats
Hint Answer % Correct
This is the largest country (by area) in the world. Russia
99%
Arnold Alois Schwarzenegger was born here. Austria
91%
This is the world's most populous Muslim nation. Indonesia
71%
The people of this country are divided into three main groups: Hutus, Tutsis and the Twa. Rwanda
62%
This country's capital is Niamey. Niger
61%
This country's capital is named after an American president. Liberia
57%
Its the only African country with its own alphabet. Ethiopia
56%
Sultan Qaboos Bin Said–is the longest-serving ruler in the Middle East. Born on November 18, 1940, he is the person behind the modernization of this country. He took control in 1970 on July 23rd. Oman
50%
In 1960 Jane Goodall came here study primates. Tanzania
48%
This is the most educated country in the world. Canada
42%
David Livingstone's heart is buried here. Zambia
39%
This country has the valuable archaeological site of Copan. Honduras
33%
In 1946, this country issued banknotes with a face value of 1,000,000,000,000,000,000 pengo (one quintillion pengo) - the world's highest denomination ever. Hungary
29%
In the last five years alone more than 50 football players from this country have defected during regional and international tournaments. Most recently in 2014, 17 top players and the team doctor vanished in Uganda before resurfacing 18 months later in the Dutch town of Gorinchem Eritrea
23%
No matching quizzes found
Score Distribution
Percent of People with Each Score
Percentile by Number Answered
Your Score History
You have not taken this quiz